000 00456nam a2200145Ia 4500
008 090124s9999 xx 000 0 und d
082 _b401554
245 _a पाखरवाडीतील चोर
250 _a1
260 _bदेशपांडे दिनकर नीलकंठ
_c1983
300 _a44
630 _a पाखरवाडीतील चोर
730 _a पाखरवाडीतील चोर
942 _cBOOK
999 _c197938
_d197938